[Event "Lansing (MI Am/1)"]
[Site "?"]
[Date "1993.??.??"]
[Round "?"]
[White "Skidmore, Jennifer"]
[Black "Nixon, Peter"]
[Result "1-0"]
[WhiteElo "1900"]
[BlackElo "1605"]
[PlyCount "89"]
[EventDate "1993.??.??"]

1. e4 c5 2. Nc3 d6 3. Bb5+ Bd7 4. Bxd7+ Qxd7 5. f4 Nc6 6. Nf3 g6 7. O-O Bg7 8.
d3 e6 9. a3 Nge7 10. Be3 O-O 11. Qe1 d5 12. Bxc5 d4 13. Ne2 Rfd8 14. Qh4 Nc8
15. e5 N8e7 16. Bxe7 Nxe7 17. Nexd4 Rac8 18. c3 Nd5 19. Ng5 h6 20. Ne4 Qe7 21.
Qh3 Rf8 22. Rae1 Rce8 23. Nd6 Rd8 24. Qg4 h5 25. Qh3 Bh6 26. g3 Rd7 27. Ne4 Qd8
28. Kh1 Kg7 29. Nc5 Re7 30. Ncxe6+ fxe6 31. Nxe6+ Rxe6 32. Qxe6 Nc7 33. Qc4 b5
34. Qe4 Qd5 35. Qxd5 Nxd5 36. Re4 Kf7 37. Rd4 Ke6 38. c4 bxc4 39. dxc4 Ne3 40.
Re1 Nf5 41. Rd5 Rc8 42. Ra5 Rxc4 43. Rxa7 Nd4 44. Ra6+ Kf5 45. Rf6+ 1-0

[Event "Flint (Class A/5)"]
[Site "?"]
[Date "1993.??.??"]
[Round "?"]
[White "Skidmore, Jennifer"]
[Black "Michailoff, M."]
[Result "1-0"]
[WhiteElo "1900"]
[BlackElo "1905"]
[PlyCount "71"]
[EventDate "1993.??.??"]

1. e4 e5 2. f4 Bc5 3. Nf3 Nf6 4. fxe5 Nxe4 5. d4 Bb6 6. Bd3 d5 7. O-O Bg4 8. c3
Nd7 9. Nbd2 f5 10. Qe1 Qe7 11. Bc2 Nxe5 12. Nxe5 Qxe5 13. Nxe4 dxe4 14. Bf4 Qe7
15. a4 a6 16. Qg3 O-O-O 17. h3 c5 18. hxg4 cxd4 19. cxd4 Bxd4+ 20. Kh1 g5 21.
Bxe4 fxe4 22. Rac1+ Bc5 23. Be3 b6 24. b4 Kb7 25. bxc5 h5 26. cxb6 hxg4+ 27.
Kg1 Rd7 28. Bxg5 Qh7 29. Qxg4 Rg7 30. Rc7+ Rxc7 31. bxc7 Qh1+ 32. Kf2 Rf8+ 33.
Bf4 e3+ 34. Ke2 Qh7 35. Qf3+ Kc8 36. Qa8+ 1-0

[Event "Ann Arbor (HVA/1/1)"]
[Site "?"]
[Date "1993.??.??"]
[Round "?"]
[White "Skidmore, Jennifer"]
[Black "McGrath, Michael"]
[Result "1-0"]
[WhiteElo "1940"]
[BlackElo "1660"]
[PlyCount "127"]
[EventDate "1993.??.??"]

{1/(1)} 1. e4 d6 2. d4 Nf6 3. Nc3 g6 4. f4 Bg7 5. Nf3 c5 6. Bb5+ Bd7 7. Bxd7+
Nbxd7 8. d5 b5 9. Qe2 b4 10. Nd1 O-O 11. Nf2 a5 12. O-O a4 13. Bd2 Nb6 14. c3
bxc3 15. Bxc3 a3 16. b3 Nbd7 17. Nd2 Nb8 18. Nc4 Na6 19. Nxa3 Nb4 20. Nc4 Ra7
21. a3 Na6 22. Na5 Qb6 23. Qb2 Rfa8 24. Rfd1 Nc7 25. Nc6 Nb5 26. Bxf6 Bxf6 27.
e5 dxe5 28. fxe5 Bg7 29. Nxa7 Qxa7 30. Ra2 f6 31. exf6 Bxf6 32. Qe2 Nc3 33.
Qe6+ Kg7 34. Rdd2 Nxa2 35. Rxa2 Rb8 36. Qe3 Bd4 37. Qd3 Qb6 38. Qe4 Rb7 39. Qd3
Qxb3 40. Qxb3 Rxb3 41. Kf1 c4 42. Nd1 c3 43. Re2 Kf7 44. a4 Ke8 45. a5 Kd7 46.
a6 Rb1 47. Ke1 Ra1 48. Rc2 Bc5 49. Ke2 Rxa6 50. Nxc3 Bb4 51. Ne4 Ra5 52. Rb2
Bd6 53. Rd2 Bf4 54. Rd3 Bxh2 55. Rh3 Be5 56. Rd3 Ra2+ 57. Kf3 Bg7 58. Nc5+ Ke8
59. Ne6 Bf6 60. g4 h6 61. Rb3 Rb2 62. Ra3 Rd2 63. Ra8+ Kd7 64. Rd8# 1-0

[Event "Flint (MI Jr/1)"]
[Site "?"]
[Date "1993.??.??"]
[Round "?"]
[White "Skidmore, Jennifer"]
[Black "McDonald, J."]
[Result "1-0"]
[WhiteElo "1910"]
[BlackElo "1605"]
[PlyCount "95"]
[EventDate "1993.??.??"]

1. e4 e5 2. f4 d6 3. Nf3 Nc6 4. Bc4 Nf6 5. Nc3 Be7 6. O-O Bg4 7. d3 a6 8. Be3
Nb4 9. a3 Bxf3 10. Rxf3 Nc6 11. Qe2 Ng4 12. Rg3 Nxe3 13. Qxe3 g6 14. Rf1 Bh4
15. Rh3 Nd4 16. fxe5 Nxc2 17. Bxf7+ Kd7 18. Qe2 Nd4 19. Qg4+ Kc6 20. Bd5+ Kb6
21. Rxh4 dxe5 22. Rf6+ Qxf6 23. Bc4 Rhf8 24. Nd5+ Ka7 25. Nxf6 Rxf6 26. Rxh7
Raf8 27. h3 Rf1+ 28. Kh2 R8f2 29. Rxc7 Nf3+ 30. Kg3 Ne1 31. Kh2 Nf3+ 32. Qxf3
Rxf3 33. gxf3 Rxf3 34. Kg2 Rf8 35. Rg7 Rf6 36. Bd5 Rb6 37. b4 Rf6 38. Rxb7+ Ka8
39. Rf7+ Kb8 40. Rxf6 g5 41. Rf7 g4 42. hxg4 a5 43. Be6 axb4 44. axb4 Ka8 45.
g5 Kb8 46. g6 Ka8 47. g7 Kb8 48. g8=Q# 1-0

[Event "East Lansing (MI Op/4/11)"]
[Site "?"]
[Date "1993.??.??"]
[Round "?"]
[White "Skidmore, Jennifer"]
[Black "Mazuchowski, Tom"]
[Result "0-1"]
[WhiteElo "1950"]
[BlackElo "2100"]
[PlyCount "102"]
[EventDate "1993.??.??"]

{4/(11)} 1. e4 c5 2. Nc3 d6 3. Bb5+ Nc6 4. Bxc6+ bxc6 5. f4 g6 6. Nf3 Bg7 7.
O-O e6 8. d3 Ne7 9. Qe1 d5 10. Kh1 Ba6 11. Ne5 Qc7 12. Qf2 f6 13. Nf3 d4 14.
Ne2 f5 15. Ng5 Qd7 16. e5 h6 17. Nf3 Nd5 18. b3 Bf8 19. Bd2 Qg7 20. Qg3 Be7 21.
a3 Kf7 22. Rae1 Rag8 23. Qf2 g5 24. fxg5 hxg5 25. g4 f4 26. Nexd4 cxd4 27. Qxd4
c5 28. Qa4 Bb7 29. Qxa7 Bc6 30. Qa6 Rc8 31. c4 Qh7 32. cxd5 Bxd5 33. Re4 Bxe4
34. dxe4 Qxe4 35. Kg1 Rcd8 36. Qa7 Kf8 37. Qa6 Rh3 38. Ba5 Rxf3 39. Rxf3 Qxf3
40. Bxd8 Qxg4+ 41. Kf1 Qd1+ 42. Kf2 Qd4+ 43. Kf1 Qxd8 44. Qxe6 Qd3+ 45. Kf2
Qe3+ 46. Kg2 Qe2+ 47. Kg1 f3 48. Qh6+ Ke8 49. Qc6+ Kf7 50. Qd5+ Kg7 51. Qd7
Qg2# 0-1

[Event "Ann Arbor (HVA/3/9)"]
[Site "?"]
[Date "1993.??.??"]
[Round "?"]
[White "Skidmore, Jennifer"]
[Black "Mankiewicz, Ryan"]
[Result "1-0"]
[WhiteElo "1940"]
[BlackElo "1605"]
[PlyCount "55"]
[EventDate "1993.??.??"]

{3/(9)} 1. e4 c5 2. Nc3 g6 3. f4 Bg7 4. Nf3 d6 5. Bb5+ Bd7 6. Bxd7+ Qxd7 7. O-O
Nc6 8. d3 Nf6 9. Ne2 O-O-O 10. c3 h6 11. Bd2 Nh7 12. d4 f6 13. d5 Nb8 14. c4 g5
15. Rb1 gxf4 16. Nxf4 Ng5 17. Nxg5 hxg5 18. Ne6 Rdg8 19. b4 Na6 20. Qb3 b6 21.
a4 Nc7 22. bxc5 Nxe6 23. dxe6 Qxe6 24. cxb6 Qd7 25. Be3 a6 26. b7+ Kb8 27. Qb6
Rxh2 28. Qa7+ 1-0

[Event "Eastpointe (MI Action/1/17)"]
[Site "?"]
[Date "1993.??.??"]
[Round "?"]
[White "Skidmore, Jennifer"]
[Black "Mahabir, Jagdesh"]
[Result "1-0"]
[WhiteElo "1905"]
[BlackElo "1605"]
[PlyCount "55"]
[EventDate "1993.??.??"]

{1/(17)} 1. e4 e5 2. f4 d6 3. Nf3 Nc6 4. Bb5 Nge7 5. c3 a6 6. Ba4 g6 7. O-O Bg7
8. d4 f5 9. d5 fxe4 10. dxc6 Nxc6 11. Ng5 d5 12. fxe5 Bxe5 13. Nf7 Qh4 14. Nxe5
Bd7 15. Nxd7 Kxd7 16. Qxd5+ Kc8 17. Bg5 Qg4 18. Nd2 h6 19. Bf6 Rf8 20. Nxe4 Qe2
21. Bxc6 bxc6 22. Qxc6 Qe3+ 23. Kh1 Ra7 24. Bd4 Rxf1+ 25. Rxf1 Qxd4 26. Rf8+
Qd8 27. Nd6+ Kb8 28. Rxd8# 1-0

[Event "Flint (MI Jr/5)"]
[Site "?"]
[Date "1993.??.??"]
[Round "?"]
[White "Skidmore, Jennifer"]
[Black "Link, J."]
[Result "1-0"]
[WhiteElo "1910"]
[BlackElo "1730"]
[PlyCount "69"]
[EventDate "1993.??.??"]

1. e4 e5 2. f4 exf4 3. Nf3 Bc5 4. d4 Bb6 5. Bxf4 d6 6. Bc4 Bg4 7. O-O Nc6 8. c3
Qe7 9. Nbd2 O-O-O 10. Kh1 f6 11. b4 Nb8 12. a4 c6 13. a5 Bc7 14. a6 b6 15. d5
g5 16. Be3 c5 17. Qb1 h5 18. bxc5 dxc5 19. Nb3 Bxf3 20. Rxf3 Qe5 21. Bg1 Bd6
22. Nxc5 Rh7 23. Ne6 Rdd7 24. Qd3 Be7 25. Bb5 Qxe6 26. dxe6 Rxd3 27. Rxd3 Nh6
28. Bxb6 axb6 29. a7 Ng4 30. a8=Q Nf2+ 31. Kg1 Nxd3 32. Bd7+ Kc7 33. Ra7+ Kd6
34. Qxb8+ Kc5 35. Qc7# 1-0

[Event "Eastpointe (MI Action/2/5)"]
[Site "?"]
[Date "1993.??.??"]
[Round "?"]
[White "Skidmore, Jennifer"]
[Black "Jirjis, Faris"]
[Result "1-0"]
[WhiteElo "1905"]
[BlackElo "2155"]
[PlyCount "71"]
[EventDate "1993.??.??"]

{2/(5)} 1. e4 e5 2. f4 d5 3. Nf3 dxe4 4. Nxe5 Nd7 5. d4 exd3 6. Nxd3 Ngf6 7.
Nc3 Be7 8. Qf3 c6 9. Be3 Nb6 10. Kf2 Bg4 11. Qg3 Ne4+ 12. Nxe4 Bh4 13. Ne5
Bxg3+ 14. Nxg3 h5 15. h3 h4 16. Ne4 Bh5 17. Bc5 Qd5 18. Bd3 O-O-O 19. Rhe1 f5
20. c4 Qg8 21. Nd6+ Rxd6 22. Bxd6 g6 23. c5 Qd5 24. Kg1 Re8 25. Kh1 a5 26. Rac1
Nd7 27. Bc4 Qd2 28. Bf7 Nxe5 29. fxe5 Rh8 30. e6 g5 31. Bxh5 Rxh5 32. e7 Rh8
33. e8=Q+ Rxe8 34. Rxe8+ Kd7 35. Re7+ Kd8 36. Rce1 1-0

[Event "Flint (MI Jr/3)"]
[Site "?"]
[Date "1993.??.??"]
[Round "?"]
[White "Skidmore, Jennifer"]
[Black "Houston, Ryan"]
[Result "1-0"]
[WhiteElo "1910"]
[BlackElo "1605"]
[PlyCount "57"]
[EventDate "1993.??.??"]

1. e4 c5 2. Nc3 Nc6 3. f4 g6 4. Nf3 Bg7 5. Bb5 Qc7 6. O-O Qxf4 7. d4 Qd6 8. e5
Qc7 9. Nd5 Qb8 10. Ng5 Nxd4 11. Nxf7 Bxe5 12. Bd3 Bxh2+ 13. Kh1 Be5 14. c3 Nf5
15. Bxf5 Kxf7 16. Bxg6+ Ke6 17. Bf7+ Kd6 18. Nf6+ Kc7 19. Nxg8 d6 20. Nxe7 Rf8
21. Nd5+ Kc6 22. Nb4+ cxb4 23. Bd5+ Kc5 24. Be3+ Kb5 25. Qd3+ Ka5 26. cxb4+
Kxb4 27. a3+ Ka5 28. b4+ Ka4 29. Bb3# 1-0

[Event "Flint (Class A/2)"]
[Site "?"]
[Date "1993.??.??"]
[Round "?"]
[White "Skidmore, Jennifer"]
[Black "Dangremond, Leonard"]
[Result "0-1"]
[WhiteElo "1900"]
[BlackElo "1955"]
[PlyCount "74"]
[EventDate "1993.??.??"]

1. e4 e5 2. Nf3 Nc6 3. Bb5 a6 4. Ba4 Nf6 5. O-O b5 6. Bb3 Be7 7. Re1 O-O 8. c3
d6 9. h3 Na5 10. Bc2 c5 11. d4 Qc7 12. Nbd2 Bd7 13. Qe2 cxd4 14. cxd4 Qxc2 15.
dxe5 dxe5 16. Nxe5 Be6 17. Qf3 Rfd8 18. a3 Rxd2 19. Bxd2 Qxd2 20. Nd3 Rd8 21.
Rad1 Qg5 22. Nf4 Rxd1 23. Rxd1 Nc4 24. b4 Qe5 25. Re1 Bd6 26. g3 Nd2 27. Qd3
Nfxe4 28. Re3 Bc4 29. Qc2 Qa1+ 30. Kh2 Nf1+ 31. Kg2 Nxe3+ 32. fxe3 Qf1+ 33. Kh2
Nf2 34. g4 Qxh3+ 35. Kg1 Qg3+ 36. Ng2 Nh3+ 37. Kh1 Qh2# 0-1

[Event "Westland (MI Women/4/1)"]
[Site "?"]
[Date "1993.??.??"]
[Round "?"]
[White "Skidmore, Jennifer"]
[Black "Bensek, A."]
[Result "1-0"]
[WhiteElo "1940"]
[BlackElo "1605"]
[PlyCount "97"]
[EventDate "1993.??.??"]

{4/(1)} 1. e4 c5 2. Nc3 Nc6 3. f4 Nf6 4. Nf3 e6 5. Bb5 Bd6 6. e5 a6 7. Bxc6
bxc6 8. exd6 O-O 9. O-O a5 10. d3 Ba6 11. Be3 c4 12. dxc4 Bxc4 13. Re1 Ng4 14.
Bd4 Rc8 15. b3 Bd5 16. Nxd5 cxd5 17. c3 Rc6 18. Qd3 Rxd6 19. Ng5 g6 20. Bc5 Rc6
21. Bxf8 Qb6+ 22. Qd4 Qxd4+ 23. cxd4 Kxf8 24. Rac1 Kg7 25. Rxc6 dxc6 26. Rc1 h6
27. Nf3 Kf6 28. Rxc6 g5 29. fxg5+ hxg5 30. Ra6 Kf5 31. Rxa5 Nf6 32. h3 Nd7 33.
Ra7 Nb8 34. Rxf7+ Ke4 35. Nxg5+ Kxd4 36. Nxe6+ Ke5 37. Nc5 Nc6 38. h4 Kd6 39.
Nd3 Ne7 40. h5 Ng8 41. h6 Ne7 42. h7 Ng6 43. Rf6+ Ke7 44. Rxg6 Kf7 45. Rg4 d4
46. h8=Q Ke6 47. Qe5+ Kf7 48. Rg7+ Kf8 49. Qe7# 1-0

[Event "Lansing (MI Am/5)"]
[Site "?"]
[Date "1993.??.??"]
[Round "?"]
[White "Skidmore, Jennifer"]
[Black "Armstead, Curt"]
[Result "1-0"]
[WhiteElo "1900"]
[BlackElo "1895"]
[PlyCount "49"]
[EventDate "1993.??.??"]

1. e4 e6 2. d4 d5 3. exd5 exd5 4. Bd3 c5 5. dxc5 Bxc5 6. Nf3 Bg4 7. O-O Ne7 8.
c3 Qd6 9. Bg5 Nbc6 10. Nbd2 O-O-O 11. a4 d4 12. Ne4 Qd5 13. c4 Qf5 14. Nd6+
Bxd6 15. Bxf5+ Bxf5 16. c5 Bxc5 17. Rc1 Bd6 18. Bxe7 Bxe7 19. Ne5 Rhf8 20. b4
Bxb4 21. Nxc6 bxc6 22. Rxc6+ Kb8 23. Qb3 a5 24. Qc4 Rd7 25. Qb5+ 1-0

[Event "East Lansing (MOR/3/45)"]
[Site "?"]
[Date "1993.??.??"]
[Round "?"]
[White "Simmons, P."]
[Black "Kincare, K."]
[Result "0-1"]
[WhiteElo "1605"]
[BlackElo "1605"]
[PlyCount "108"]
[EventDate "1993.??.??"]

{3/(45)} 1. e4 Nf6 2. e5 Nd5 3. d4 d6 4. Bc4 dxe5 5. dxe5 e6 6. Nf3 c6 7. O-O
Be7 8. Nc3 O-O 9. Nxd5 cxd5 10. Bb3 Nc6 11. Bf4 f6 12. Qd2 fxe5 13. Nxe5 Nxe5
14. Bxe5 Bf6 15. Qd4 Bxe5 16. Qxe5 Rf5 17. Qe3 b6 18. Rad1 Qd6 19. c4 Ba6 20.
Rfe1 Raf8 21. Qxe6+ Qxe6 22. Rxe6 Rxf2 23. Ree1 dxc4 24. Bxc4+ Bxc4 25. b3 Bb5
26. a4 Bxa4 27. bxa4 Ra2 28. Ra1 Rxa1 29. Rxa1 a6 30. Rb1 Rb8 31. Kf2 Kf7 32.
Ke3 Ke6 33. a5 b5 34. Kd4 Kd6 35. Rf1 Rc8 36. Rf7 Rc4+ 37. Kd3 Ra4 38. Rxg7
Ra3+ 39. Kc2 b4 40. Rxh7 Kc6 41. Rh6+ Kb5 42. Rh5+ Ka4 43. g4 Ra2+ 44. Kb1 b3
45. g5 Ka3 46. Rh3 Re2 47. Kc1 Ka2 48. Kd1 Rc2 49. g6 b2 50. Ra3+ Kxa3 51. Kxc2
Ka2 52. g7 b1=Q+ 53. Kd2 Qb2+ 54. Kd3 Qxg7 0-1

[Event "East Lansing (MOR/6/45)"]
[Site "?"]
[Date "1993.??.??"]
[Round "?"]
[White "Simmons, P."]
[Black "Guenther, B."]
[Result "0-1"]
[WhiteElo "1605"]
[BlackElo "1605"]
[PlyCount "64"]
[EventDate "1993.??.??"]

{6/(45)} 1. e4 c5 2. Nf3 Nc6 3. d4 cxd4 4. Nxd4 e5 5. Nxc6 bxc6 6. Nc3 Bb7 7.
Be3 Nf6 8. Bd3 d5 9. exd5 cxd5 10. Bb5+ Ke7 11. Bg5 d4 12. Bxf6+ gxf6 13. Ne2
Qa5+ 14. c3 Qxb5 15. O-O Ba6 16. Ng3 Qd7 17. Re1 d3 18. f4 d2 19. Re3 Bh6 20.
Ne2 Bxe2 21. Qxe2 Bxf4 22. Rd3 Qb5 23. b3 Rhg8 24. c4 Qc5+ 25. Kf1 Bxh2 26.
Qxd2 Qg1+ 27. Ke2 Rxg2+ 28. Kf3 Rxd2 29. Rxd2 Qxa1 30. Rxh2 Qc3+ 31. Kg4 Rg8+
32. Kh5 Qg3 0-1

[Event "East Lansing (MOR/1b/9)"]
[Site "?"]
[Date "1993.??.??"]
[Round "?"]
[White "Simmons, P."]
[Black "Collins, Charles"]
[Result "0-1"]
[WhiteElo "1605"]
[BlackElo "1700"]
[PlyCount "76"]
[EventDate "1993.??.??"]

1. e4 Nf6 2. Nc3 d6 3. Nf3 g6 4. d4 Bg7 5. e5 dxe5 6. dxe5 Qxd1+ 7. Nxd1 Ng4 8.
Bf4 Nc6 9. Bb5 Bd7 10. Bxc6 Bxc6 11. h3 Nh6 12. Ne3 Bxf3 13. gxf3 O-O-O 14. Ng4
Nf5 15. Ne3 Nd4 16. O-O-O Ne2+ 17. Kb1 Nxf4 18. Nc4 Rd5 19. Rhe1 Rhd8 20. Ne3
Rxd1+ 21. Nxd1 Bxe5 22. Kc1 Bf6 23. Re4 Nxh3 24. c3 Rxd1+ 25. Kxd1 Nxf2+ 26.
Ke2 Nxe4 27. fxe4 h5 28. Kf3 Kd7 29. Kf4 Ke6 30. a3 g5+ 31. Kf3 Be5 32. a4 Bf4
33. b4 Ke5 34. c4 g4+ 35. Kf2 h4 36. c5 Kxe4 37. b5 Be3+ 38. Kg2 Bxc5 0-1

[Event "East Lansing (MOR/7/45)"]
[Site "?"]
[Date "1993.??.??"]
[Round "?"]
[White "Simmons, P."]
[Black "Banks, David"]
[Result "1-0"]
[WhiteElo "1605"]
[BlackElo "1605"]
[PlyCount "43"]
[EventDate "1993.??.??"]

{7/(45)} 1. e4 e5 2. Nf3 Nc6 3. Bb5 Nge7 4. d4 f6 5. d5 Nb4 6. c3 Na6 7. Bxa6
bxa6 8. O-O d6 9. Be3 c6 10. c4 f5 11. Nc3 fxe4 12. Nxe4 Nf5 13. Bg5 Be7 14.
Bxe7 Qxe7 15. dxc6 Qc7 16. Qd5 Rb8 17. b3 h5 18. Nfg5 Rh6 19. f4 Ne3 20. Qg8+
Ke7 21. Qf7+ Kd8 22. Qf8# 1-0

[Event "Flint (MI Jr/2)"]
[Site "?"]
[Date "1993.??.??"]
[Round "?"]
[White "Simmons, M."]
[Black "Keihl, J."]
[Result "0-1"]
[WhiteElo "1605"]
[BlackElo "1605"]
[PlyCount "28"]
[EventDate "1993.??.??"]

1. e3 e5 2. Nf3 Nc6 3. Bc4 d5 4. Bb3 Nf6 5. O-O e4 6. Ng5 h6 7. Nh3 Bxh3 8.
gxh3 Qd7 9. Re1 Qxh3 10. Nc3 d4 11. exd4 Nxd4 12. Ba4+ c6 13. Nxe4 Nf3+ 14. Kh1
Qxh2# 0-1

[Event "Flint (Beg/4)"]
[Site "?"]
[Date "1993.??.??"]
[Round "?"]
[White "Simmons, M."]
[Black "Gaiefsky, Joey"]
[Result "0-1"]
[WhiteElo "1605"]
[BlackElo "1605"]
[PlyCount "42"]
[EventDate "1993.??.??"]

1. e4 e5 2. Nf3 Nc6 3. Bc4 Nf6 4. d3 Bc5 5. O-O d6 6. Bxf7+ Kxf7 7. Ng5+ Ke8 8.
Kh1 Ng4 9. f3 Nf2+ 10. Rxf2 Bxf2 11. Nh3 Bxh3 12. gxh3 Qh4 13. Qf1 Nd4 14. a3
Nxc2 15. Ra2 Ne1 16. b3 Bd4 17. Re2 Nxd3 18. Qg2 Nf4 19. Qxg7 Rf8 20. Rb2 Qe1+
21. Qg1 Qxg1# 0-1

[Event "Flint (MI Jr/5)"]
[Site "?"]
[Date "1993.??.??"]
[Round "?"]
[White "Simmons, M."]
[Black "Elkins, S."]
[Result "0-1"]
[WhiteElo "1605"]
[BlackElo "1605"]
[PlyCount "54"]
[EventDate "1993.??.??"]

1. e3 g6 2. Nf3 Bg7 3. Bd3 Nf6 4. Bc4 O-O 5. Ng5 d5 6. Bd3 Bf5 7. Bxf5 gxf5 8.
O-O Re8 9. Qe2 d4 10. Qc4 Qd5 11. Qxc7 dxe3 12. Nf3 exd2 13. Nfxd2 Ne4 14. Nc4
Qb5 15. Qf4 Qxc4 16. Na3 Qc8 17. Qxf5 Qxf5 18. Nc4 Bd4 19. Bh6 Nxf2 20. Rae1
Qg6 21. Be3 Nc6 22. Bxf2 Bxf2+ 23. Rxf2 Rad8 24. Ne5 Nxe5 25. Rxe5 Rd1+ 26. Rf1
Rd2 27. Ra5 Qxg2# 0-1

[Event "Flint (Beg/3)"]
[Site "?"]
[Date "1993.??.??"]
[Round "?"]
[White "Simmons, M."]
[Black "Bulliner, T."]
[Result "0-1"]
[WhiteElo "1605"]
[BlackElo "1605"]
[PlyCount "53"]
[EventDate "1993.??.??"]

1. e4 e5 2. Nf3 Nc6 3. Nc3 Nf6 4. Nh4 Nxe4 5. g3 Nxc3 6. bxc3 d6 7. d4 Be7 8.
d5 Na5 9. Nf5 O-O 10. Qg4 Bxf5 11. Qxf5 c6 12. Bd3 g6 13. Qg5 Bxg5 14. Bxg5
Qxg5 15. h4 Qg4 16. Be2 Qe4 17. f3 Qxc2 18. O-O Qxe2 19. Rfe1 Qxf3 20. Kh2 Qxc3
21. Rac1 Qd2+ 22. Kg1 Qxd5 23. Red1 Qe6 24. Kg2 Nc4 25. Rh1 Nd2 26. Rce1 Qg4
27. Rh3 0-1

[Event "Flint (Class DE/5)"]
[Site "?"]
[Date "1993.??.??"]
[Round "?"]
[White "Shoulders, C."]
[Black "Ulrich, J."]
[Result "1-0"]
[WhiteElo "1605"]
[BlackElo "1605"]
[PlyCount "55"]
[EventDate "1993.??.??"]

1. e4 e5 2. Nf3 Nc6 3. Bc4 b6 4. Ng5 Qxg5 5. Qf3 Nf6 6. Nc3 Nb4 7. O-O Nxc2 8.
d4 Nxd4 9. Qd1 d6 10. Bxg5 Bg4 11. Qd2 d5 12. exd5 Bb4 13. Qe3 Bxc3 14. bxc3
O-O 15. cxd4 e4 16. Bxf6 gxf6 17. Qxe4 f5 18. Qf4 Rae8 19. Qg5+ Kh8 20. Qf4 Re4
21. Qxc7 Rxd4 22. d6 f4 23. d7 Rxd7 24. Qxf4 f5 25. Rfe1 Rfd8 26. Qe5+ Rg7 27.
Qc3 h6 28. Re7 1-0

[Event "Flint (Class DE/3)"]
[Site "?"]
[Date "1993.??.??"]
[Round "?"]
[White "Shoulders, C."]
[Black "Boyer, Mike"]
[Result "0-1"]
[WhiteElo "1605"]
[BlackElo "1605"]
[PlyCount "82"]
[EventDate "1993.??.??"]

1. e4 e5 2. Nf3 Nf6 3. Nc3 d6 4. Bc4 h6 5. O-O Be7 6. d4 exd4 7. Nxd4 d5 8.
exd5 Qd6 9. Ndb5 Qd8 10. Bf4 Bd6 11. Re1+ Kf8 12. Bxd6+ cxd6 13. Ne4 a6 14.
Nbxd6 b5 15. Nxf6 Bd7 16. Nxd7+ Nxd7 17. Bd3 Nf6 18. Nf5 g6 19. Ne3 Kg7 20. Ng4
Nxg4 21. Qxg4 Qxd5 22. b3 Rae8 23. Rxe8 Rxe8 24. Rd1 Qe5 25. h3 f5 26. Qf3 Qc7
27. c4 b4 28. Rc1 Qe5 29. Qb7+ Re7 30. Qxa6 Qb2 31. Rf1 h5 32. Qd6 Rf7 33. Qxb4
Qxa2 34. c5 f4 35. Qc3+ Kh7 36. c6 Qa7 37. b4 Qc7 38. b5 f3 39. g3 Qc8 40. b6
Qxh3 41. Be4 Qg2# 0-1

[Event "Flint (Class DE/1)"]
[Site "?"]
[Date "1993.??.??"]
[Round "?"]
[White "Shoulders, C."]
[Black "Aydar, A."]
[Result "0-1"]
[WhiteElo "1605"]
[BlackElo "1605"]
[PlyCount "42"]
[EventDate "1993.??.??"]

1. e4 c5 2. Nf3 Nc6 3. Nc3 g6 4. Bc4 Bg7 5. Ng5 e6 6. d3 Nge7 7. O-O d5 8. Bb5
O-O 9. Bxc6 Nxc6 10. Be3 d4 11. Bd2 dxc3 12. Bxc3 Qxg5 13. Bxg7 Kxg7 14. c3 Rd8
15. Qc2 e5 16. a3 Bh3 17. f4 exf4 18. Rf2 Ne5 19. Raf1 f3 20. Qb3 Bxg2 21. Rxg2
Qxg2# 0-1

[Event "Gaylord (NMO/2/2)"]
[Site "?"]
[Date "1993.??.??"]
[Round "?"]
[White "Shaune, M."]
[Black "Vandivier, Don"]
[Result "1-0"]
[WhiteElo "1790"]
[BlackElo "2065"]
[PlyCount "75"]
[EventDate "1993.??.??"]

{2/(2)} 1. e4 c5 2. Nf3 d6 3. Bb5+ Bd7 4. Bxd7+ Qxd7 5. c4 Nc6 6. d4 cxd4 7.
Nxd4 g6 8. Nc3 Bg7 9. Be3 Nf6 10. f3 Rc8 11. Rc1 O-O 12. b3 Qc7 13. O-O Qa5 14.
Qd2 a6 15. Rfd1 Rc7 16. Nd5 Qxd2 17. Rxd2 Nxd5 18. cxd5 Nxd4 19. Rxc7 e5 20.
Bxd4 exd4 21. Rxb7 Rc8 22. Kf2 h5 23. g3 g5 24. Rb6 Be5 25. Rxa6 Rc3 26. Rc6
Re3 27. b4 h4 28. b5 g4 29. fxg4 hxg3+ 30. hxg3 Bxg3+ 31. Kg2 d3 32. Rxd3 Rxd3
33. b6 Be5 34. b7 Rd2+ 35. Kf1 Rxa2 36. b8=Q+ Kg7 37. Qc8 Ra3 38. Qf5 1-0

[Event "Gaylord (NMO/4/11)"]
[Site "?"]
[Date "1993.??.??"]
[Round "?"]
[White "Shaune, M."]
[Black "Foord, Larry"]
[Result "1-0"]
[WhiteElo "1790"]
[BlackElo "1605"]
[PlyCount "113"]
[EventDate "1993.??.??"]

{4/(11)} 1. e4 e5 2. Nf3 Nc6 3. d4 exd4 4. Nxd4 Bc5 5. Be3 b6 6. Nxc6 dxc6 7.
Qxd8+ Kxd8 8. Bxc5 bxc5 9. Bc4 Ke7 10. Nc3 Nf6 11. f3 Rd8 12. Na4 Nd7 13. Rd1
Ne5 14. Rxd8 Kxd8 15. Be2 Nd7 16. Kf2 g5 17. Rd1 Ke7 18. h4 h6 19. hxg5 hxg5
20. Rh1 Bb7 21. Nc3 a5 22. Nd1 Ne5 23. Ne3 a4 24. Rh5 Kf6 25. Nc4 Nxc4 26. Bxc4
Kg6 27. Rh1 Rd8 28. Ke2 Rd4 29. b3 Bc8 30. Rd1 Kf6 31. Rxd4 cxd4 32. bxa4 Ke5
33. a5 Kd6 34. a6 f6 35. g3 c5 36. f4 gxf4 37. gxf4 c6 38. Kf3 Kc7 39. e5 fxe5
40. fxe5 Kb6 41. Kf4 Bh3 42. e6 Bxe6 43. Bxe6 Kxa6 44. Ke4 Kb5 45. Kd3 Kb4 46.
Bb3 Kb5 47. a3 c4+ 48. Bxc4+ Ka4 49. Kxd4 Kxa3 50. Kc5 Kb2 51. Bb3 Kc3 52. Kxc6
Kb4 53. c4 Kxb3 54. c5 Kc4 55. Kb6 Kd5 56. c6 Kd6 57. Kb7 1-0

[Event "Eastpointe (MI Action/2/7)"]
[Site "?"]
[Date "1993.??.??"]
[Round "?"]
[White "Shaune, M."]
[Black "Baze, Lineas"]
[Result "0-1"]
[WhiteElo "1800"]
[BlackElo "2075"]
[PlyCount "68"]
[EventDate "1993.??.??"]

{2/(7)} 1. e4 c5 2. Nf3 Nc6 3. Bb5 d6 4. O-O Bd7 5. h3 Nf6 6. Re1 e6 7. e5 Nxe5
8. Bxd7+ Nexd7 9. d4 Be7 10. Nc3 a6 11. Be3 b5 12. a3 Rc8 13. Qd3 c4 14. Qd2 d5
15. Ne5 Nxe5 16. dxe5 Nd7 17. Bd4 Bc5 18. Rad1 Qb6 19. Ne2 a5 20. f4 b4 21.
axb4 axb4 22. c3 Rb8 23. Ng3 g6 24. Kh2 Bxd4 25. cxd4 h5 26. h4 Kd8 27. Ra1 Kc7
28. Ra2 Ra8 29. Rea1 Rxa2 30. Rxa2 Rb8 31. Ne2 Kb7 32. Qd1 b3 33. Ra3 Ra8 34.
Rxa8 Kxa8 0-1

[Event "Lansing (MI Am/3)"]
[Site "?"]
[Date "1993.??.??"]
[Round "?"]
[White "Serwatowski, Felix"]
[Black "Stockman, David"]
[Result "0-1"]
[WhiteElo "1605"]
[BlackElo "1660"]
[PlyCount "105"]
[EventDate "1993.??.??"]

1. d4 Nf6 2. Nf3 g6 3. Nc3 d5 4. e3 Bg4 5. Be2 Bg7 6. h3 Bxf3 7. Bxf3 c6 8. O-O
Qd6 9. Qe2 Nbd7 10. e4 dxe4 11. Nxe4 Nxe4 12. Bxe4 Bxd4 13. Be3 Bxe3 14. Qxe3
Qe6 15. Qc3 O-O 16. Rfe1 Qf6 17. Qb3 Nc5 18. Qb4 Qg5 19. Bf3 e6 20. Rad1 Rfe8
21. Re3 Qe7 22. Qd2 Rad8 23. Qe1 Rxd1 24. Bxd1 Rd8 25. b4 Na6 26. c3 Nc7 27. c4
Qf6 28. Qe2 Ne8 29. Bb3 Nd6 30. c5 Nf5 31. Rd3 Qa1+ 32. Kh2 Rxd3 33. Qxd3 Qd4
34. Qxd4 Nxd4 35. Bd1 e5 36. Kg1 Kf8 37. g3 Ke7 38. f3 Ke6 39. Kf2 Kd5 40. Ke3
Kc4 41. f4 exf4+ 42. gxf4 Nf5+ 43. Kf2 Kxb4 44. Bb3 f6 45. Bg8 h6 46. Kf3 Kxc5
47. Ke4 Kd6 48. Kd3 b5 49. Kc3 Ne7 50. Bf7 Nd5+ 51. Bxd5 Kxd5 52. Kb4 f5 53. a3
0-1

[Event "Eastpointe (EDO/2/14)"]
[Site "?"]
[Date "1993.??.??"]
[Round "?"]
[White "Serwatowski, Felix"]
[Black "Selitsky, B."]
[Result "0-1"]
[WhiteElo "1605"]
[BlackElo "1965"]
[PlyCount "85"]
[EventDate "1993.??.??"]

{2/(14)} 1. d4 d5 2. Nf3 Nf6 3. e3 Bf5 4. c4 c6 5. Nc3 e6 6. a3 a5 7. Bd3 Bxd3
8. Qxd3 Nbd7 9. b3 Bd6 10. cxd5 exd5 11. O-O O-O 12. Bb2 Re8 13. Nh4 g6 14. Nf3
Ne4 15. Rfe1 Ndf6 16. Nd2 Ng4 17. Ndxe4 Bxh2+ 18. Kf1 dxe4 19. Nxe4 Bc7 20. Ke2
Qd5 21. f3 f5 22. Nc3 Qxb3 23. fxg4 Qxb2+ 24. Kf1 Bg3 25. Ra2 Qb3 26. Rb1 Qf7
27. gxf5 Qxf5+ 28. Qxf5 gxf5 29. Re2 Re7 30. e4 fxe4 31. Rxe4 Rf8+ 32. Kg1 Bf2+
33. Kh2 Rg7 34. Ne2 h6 35. g3 Rf3 36. Kg2 Re3 37. Rxe3 Bxe3 38. Rb3 Bg5 39. a4
Rd7 40. Rc3 Kf7 41. Rc5 Bd2 42. Kf3 Ke6 43. Ke4 0-1